000 01236nam a2200349Ia 4500
003 GCL
008 140319s9999 xx 000 0 ara d
020 _a5286048977
040 _aGCL /
_cGCL
082 0 4 _a375
_bن أ
100 1 _aنجوى عبدالرحيم شاهين
245 1 0 _aاساسيات وتطبيقات فى علم المناهج /
_cنجوى عبدالرحيم شاهين
250 _aالاولى
260 _aالقاهرة :
_bدار القاهرة ،
_c2006
300 _a555ص ؛
_c24سم
650 0 4 _aالتخطيط التربوى
650 0 4 _aالتعليم الدينى
650 0 4 _aالتدريس
650 0 4 _aالتعليم - مناهج
650 0 4 _aالتعليم - اغراضه واهدافه
650 0 4 _aالتعليم - طرق تدريس
650 0 4 _aالمناهج - تخطيط
650 0 4 _aالمدارس - مناهج
650 0 4 _aالمناهج - تقييم
650 0 4 _aالتعليم بالحاسبات الالكترونية
650 0 4 _aالتعليم التعاونى
650 0 4 _aالتعليم بالانترنت
650 0 4 _aالمناهج - تطوير
650 0 4 _aالمناهج - مكونات
650 0 4 _aالاستقصاء
942 _2ddc
_cBK
999 _c9676
_d9676